| 000 | 00542nam a2200169 a 4500 | ||
|---|---|---|---|
| 001 | 000016229 | ||
| 005 | 20200929164329.0 | ||
| 008 | 100301s1960 dr 000 0 spa d | ||
| 040 |
_aDO-SdBNP _bspa _cBNPHU |
||
| 082 |
_axxx _bT32s |
||
| 100 | 1 |
_aTerrero Peña, Plinio _935380 |
|
| 245 | 1 | 0 |
_aSuplemento al código civil de la República Dominicana / _cPlinio Terrero Peña. |
| 260 |
_a[Ciudad Trujillo, República Dominicana] : _b[s.n.], _c1960. |
||
| 300 |
_a506 p. ; _c23 cm. |
||
| 500 | _aIncluye notas al pie de páginas | ||
| 049 | _aBNPD | ||
| 999 |
_c15767 _d15767 |
||